00389nam a2200145Ia 4500100001600000942000700016654001600023245003700039260002000076082000800096300000800104546001200112999001700124952010200141 aParnov/E.I  cBK aInfinitives aAt The Crossroads Of Infinitives bMir Publishers a520 a396 aENGLISH c26331d26331 001040708AFTaCRCEbCRCEd2023-03-17g3.00l0o520 pAFT1085r2023-03-17v3.00w2023-03-17yBK